La luz : en la naturaleza y en el laboratorio /

Con un lenguaje que reduce al mínimo los tecnicismos y siempre interesante, La luz, de Ana María Cetto, constituye un avance importante en la difícil tarea de explicar al lector la relación entre los conceptos físicos más complejos del comportamiento y la naturaleza de la luz y lo que nosotros vemos...

Full description

Bibliographic Details
Main Author: Cetto, Ana María
Format: Libro
Language:Spanish
Published: México Fondo de Cultura Económica 2012
Series:La ciencia para todos 32
Subjects:
Online Access:

MARC

LEADER 00000cam a2200000 a 4500
001 017728
003 UAHC_CL
005 20170803121529.0
008 120827s2012 mx 000 spa
020 |a 9786071609281 
040 |a UAHC_CL  |c UAHC_CL  |d UAHC_CL 
082 0 4 |a 535  |b C423  |2 20 
100 1 |a Cetto, Ana María 
245 1 3 |a La luz :  |b en la naturaleza y en el laboratorio /  |c Ana María Cetto. 
260 |b Fondo de Cultura Económica  |a México  |c 2012 
300 |a 134 p. 
490 0 |a La ciencia para todos  |v 32 
520 |a Con un lenguaje que reduce al mínimo los tecnicismos y siempre interesante, La luz, de Ana María Cetto, constituye un avance importante en la difícil tarea de explicar al lector la relación entre los conceptos físicos más complejos del comportamiento y la naturaleza de la luz y lo que nosotros vemos.\El lector encontrará también en estas páginas respuestas a interrogantes tales como de dónde surge y qué significa la teoría de la naturaleza dual (onda y partículas) de la luz y, con base en los conocimientos más avanzados, podrá conocer las implicaciones de tal concepción para la ciencia. 
650 4 |a OPTICA 
650 4 |a LUZ 
653 |a COMPLEMENTARIA 
900 |a 535 CET 
942 |c BK 
952 |0 0  |1 0  |4 0  |6 535_000000000000000_CET  |7 0  |8 General  |9 35466  |a BC  |b BC  |c General  |d 2017-08-03  |l 0  |o 535 CET  |p 1401247  |r 2026-01-13 00:00:00  |t 1  |w 2017-08-03  |y BK 
952 |0 0  |1 0  |4 0  |6 535_000000000000000_CET  |7 0  |8 General  |9 35467  |a BC  |b BC  |c General  |d 2017-08-03  |l 0  |o 535 CET  |p 1401248  |r 2026-01-13 00:00:00  |t 2  |w 2017-08-03  |y BK 
999 |c 17728  |d 17728